Métodos y técnicas de investigación para las ciencias sociales

Saved in:
Bibliographic Details
Main Author: Briones, Guillermo (Author)
Format: Book
Language:Spanish
Published: Ciudad de México Trillas 1992
Subjects:
Tags: Add Tag
No Tags, Be the first to tag this record!

MARC

LEADER 00000nam a2200000 a 4500
001 UCW5954
003 CL-VaPUC
008 910906e19920000MX |||||||||||||||||spa|d
082 0 4 |a 300.72  |b BRI  |2 21 
100 0 |a Briones, Guillermo  |e author  |9 310987 
245 1 0 |a Métodos y técnicas de investigación para las ciencias sociales 
300 |a 291 p 
942 |c BK 
945 |d 19910906 00:00:00 
260 |a Ciudad de México  |b Trillas  |c 1992 
650 0 |a Ciencias sociales   |9 256351 
650 0 |a Investigación  |9 257811 
583 |a last modification  |c 20160426 04:05:28  |k Rodrigo Vera 
999 |c 219213  |d 219211 
952 |0 0  |1 0  |4 0  |6 300_720000000000000_BRI_1992  |7 0  |8 A  |9 209852  |a BIBEDU  |b BIBEDU  |d 2019-11-15  |i 2777932  |o 300.72 BRI 1992  |p 2777932  |r 2019-11-15  |w 2019-11-15  |y BK  |k EDU 
952 |0 0  |1 0  |4 0  |6 300_720000000000000_BRI_1992  |7 0  |8 A  |9 209853  |a BIBEDU  |b BIBEDU  |d 2019-11-15  |i 3154467  |o 300.72 BRI 1992  |p 3154467  |r 2019-11-15  |w 2019-11-15  |y BK  |k EPE